Culture Générale - Série 259 - Statistiques

Statistiques générales
  • Ce quiz a été pris 351 fois
  • Le résultat moyen est 7 sur 10
Statistiques - réponses
Question Réponse % Correct
Quel petit Etat européen surnomme-t-on le Rocher ? Monaco
94%
De quel animal provient l'aloyau que vous sert votre boucher ? Le boeuf
86%
Quelle matière scolaire peuvent enseigner les titulaires de la licence STAPS ? Le sport
86%
Quel nom de poisson désigne un piquet de tente de camping ? La Sardine
82%
Dans quel pays se trouve la chaîne de montagnes du Rif ? Le Maroc
67%
Quel personnage mythologique a donné son nom à ce qui est à la fois mâle et femelle ? Hermaphrodite
66%
Dans quel pays peut-on visiter le site archéologique de la ville d'Ephèse ? La Turquie
61%
Quel est le grade le moins élevé de l'ordre de la Légion d'honneur ? Chevalier
59%
En 1960, à quoi était associée la tête dans le titre d'un jeu télévisé ? Les jambes
53%
A quel numéro habite l'assassin, selon le titre d'un film de Clouzot ? 21
52%
Aucun quiz correspondant
Distribution des résultats
% des personnes avec chaque résultat
Percentile par nombre de réponses
Votre historique - résultats
Vous n’avez pas pris ce quiz